Satelliittikuvia #5 - Statistics

Yleistilastot
  • Tätä visaa on pelattu 384 kertaa
  • Keskiarvotulos 9 / 16
Vastaustilastot
Kuvavisa Hint Vastaus % Oikein
saari Grönlanti
97%
valtio Indonesia
86%
vesimuodostuma {Pohjan}meri
75%
vesimuodostuma {Gibraltarin}salmi
74%
kaupunki Lontoo
59%
valtio Kroatia
58%
valtio Kuwait
53%
vesimuodostuma {Bengalin}lahti
52%
kaupunki Amsterdam
51%
vuoristo Kaukasus
51%
valtio Costa Rica
50%
vesimuodostuma {Baikal}järvi
49%
saari Pohjoissaari
48%
itsehallinnollinen alue Hongkong
38%
jokisuisto Ganges
34%
kaupunkialue Tokio
29%
Ehtoja vastaavia visoja ei löytynyt
Tulosjakauma
Jokaisen tuloksen saaneiden osuus
Persentiili vastausten määrän mukaan
Tuloshistoriasi
Et ole pelannut tätä visaa